<?xml version="1.0" encoding="UTF-8"?><record xmlns="http://www.loc.gov/MARC21/slim" xmlns:zs="http://docs.oasis-open.org/ns/search-ws/sruResponse">
  <leader>04240cam a22007453a 4500</leader>
  <controlfield tag="001">16365735</controlfield>
  <controlfield tag="005">20250607035928.9</controlfield>
  <controlfield tag="008">910910s1713    it            000 1 ita d</controlfield>
  <datafield ind1=" " ind2=" " tag="906">
    <subfield code="a">7</subfield>
    <subfield code="b">cbc</subfield>
    <subfield code="c">copycat</subfield>
    <subfield code="d">3</subfield>
    <subfield code="e">ncip</subfield>
    <subfield code="f">20</subfield>
    <subfield code="g">y-genmusic</subfield>
  </datafield>
  <datafield ind1=" " ind2=" " tag="955">
    <subfield code="e">vl34 2011-09-26 microfilm added</subfield>
  </datafield>
  <datafield ind1=" " ind2=" " tag="955">
    <subfield code="a">LCAP batch update 2025-06-01-04:00: LCAPM-644</subfield>
  </datafield>
  <datafield ind1=" " ind2=" " tag="010">
    <subfield code="a">  2010665794</subfield>
  </datafield>
  <datafield ind1=" " ind2=" " tag="035">
    <subfield code="a">16365735</subfield>
  </datafield>
  <datafield ind1=" " ind2=" " tag="035">
    <subfield code="a">(DLC)musschatz.19171</subfield>
  </datafield>
  <datafield ind1=" " ind2=" " tag="035">
    <subfield code="a">(CStRLIN)VAUP91-B3507</subfield>
  </datafield>
  <datafield ind1=" " ind2=" " tag="040">
    <subfield code="a">ViU</subfield>
    <subfield code="c">ViU</subfield>
    <subfield code="d">DLC</subfield>
  </datafield>
  <datafield ind1="0" ind2=" " tag="041">
    <subfield code="a">ita</subfield>
  </datafield>
  <datafield ind1="0" ind2="0" tag="050">
    <subfield code="a">ML48</subfield>
    <subfield code="b">[S5712]</subfield>
  </datafield>
  <datafield ind1=" " ind2=" " tag="051">
    <subfield code="a">Microfilm Music 1854, reel 118.</subfield>
    <subfield code="c">Microfilm. Washington, D.C. : Library of Congress, [197-]. 1 microfilm reel ; 35 mm.</subfield>
  </datafield>
  <datafield ind1="0" ind2=" " tag="130">
    <subfield code="a">Artaserse, re di Persia.</subfield>
    <subfield code="s">Libretto.</subfield>
    <subfield code="l">Italian</subfield>
  </datafield>
  <datafield ind1="1" ind2="0" tag="245">
    <subfield code="a">Artaserse rè di Persia :</subfield>
    <subfield code="b">drama per musica da rappresentarsi nel Real palaggio, nel di primo ottobre 1713 giorno festivo per gli anni, che compie la maestà ces. e catt. del nostro invittissimo imperadore Carlo VI : dedicato a Sua Eccellenza il conte VVirrico di Daun, vice rè, e capitan generale in questo regno di Napoli, &amp;c.</subfield>
  </datafield>
  <datafield ind1=" " ind2=" " tag="260">
    <subfield code="a">In Napoli, :</subfield>
    <subfield code="b">Nella Stampa di Michele-Luigi Muzio, ove si sondono nuovi carattere :</subfield>
    <subfield code="b">Si dispensa nella libraria del medesimo, sotto l'infermerja di S.M. la Nova,</subfield>
    <subfield code="c">1713.</subfield>
  </datafield>
  <datafield ind1=" " ind2=" " tag="300">
    <subfield code="a">[14], 57, 57 [i.e. 58], [4] p. ;</subfield>
    <subfield code="c">14 cm.</subfield>
  </datafield>
  <datafield ind1=" " ind2=" " tag="336">
    <subfield code="a">text</subfield>
    <subfield code="b">txt</subfield>
    <subfield code="2">rdacontent</subfield>
  </datafield>
  <datafield ind1=" " ind2=" " tag="337">
    <subfield code="a">unmediated</subfield>
    <subfield code="b">n</subfield>
    <subfield code="2">rdamedia</subfield>
  </datafield>
  <datafield ind1=" " ind2=" " tag="338">
    <subfield code="a">volume</subfield>
    <subfield code="b">nc</subfield>
    <subfield code="2">rdacarrier</subfield>
  </datafield>
  <datafield ind1=" " ind2=" " tag="500">
    <subfield code="a">U.S. RISM Libretto Project.</subfield>
  </datafield>
  <datafield ind1=" " ind2=" " tag="500">
    <subfield code="a">Three acts; p. 58 misnumbered 57; dedication, signed "Nicolò Serino"--p. [5]-[6]; "Argomento"--p. [7]-[8]; foreword--p. [9]-[10]; scene descriptions--p. [11]; "Prologo"--p. [13]-[14].</subfield>
  </datafield>
  <datafield ind1=" " ind2=" " tag="500">
    <subfield code="a">The work is a revision of Lotti's Tradimento traditor di se stesso--New Grove.</subfield>
  </datafield>
  <datafield ind1=" " ind2=" " tag="500">
    <subfield code="a">"Con licenza de' superiori"--title page.</subfield>
  </datafield>
  <datafield ind1=" " ind2=" " tag="500">
    <subfield code="a">"La necessità d'avervisi ad aggiugnere le parti di Farfalletta, e di Dragasso, hà fatto, che più cose vi si fussero tolte, aggiunte, e variate, non meno per attendersi alla brevità, che per uniformarsi al genio de' rappresentanti, e di questa città. Anche la musica è di celebre compositore; mà ri avvertisco, che rutte le scene buffe, e tutte scene, che vedrai con questo segno [paragraph sign], sono state poste in musica dal signor Francesco Mancini, vice-maestro di questa Regia cappella di Napoli; ed anche il Prologo"--p. [9]-[10].</subfield>
  </datafield>
  <datafield ind1=" " ind2=" " tag="500">
    <subfield code="a">"Li balli sono composti dal Sig. Gio. Battista du Fort, e seguiti dal medesimo, e dalla Sig. Anna Daufin, e dal Sig. N.N."--p. [11].</subfield>
  </datafield>
  <datafield ind1=" " ind2=" " tag="500">
    <subfield code="a">Interlocutori: ARTASERSE. Il Sig. Gaetano Borghi -- DARIO. Il Sig. Andrea Pacini -- ARIARATE. Il Sig. Gio. Ant. Archi, detto Cortoncino -- ORONTE. Il Sig. Nicolò Grimaldi, cavaliere della croce di S. Marco -- ASPASIA. La Sig. Angiola Augusti -- STATIRA. La Sig. Antonia Toselli -- CODOMANO. La Sig. Silvia Lodi -- FARFALLETTA. La Sig. Santa Marchesini -- DRAGASSO. Il Sig. Gio. Battista Cavana--p. [12].</subfield>
  </datafield>
  <datafield ind1=" " ind2=" " tag="518">
    <subfield code="a">Performance: Napoli, Regio palazzo, 1713.</subfield>
  </datafield>
  <datafield ind1=" " ind2="0" tag="650">
    <subfield code="a">Operas</subfield>
    <subfield code="v">Librettos.</subfield>
  </datafield>
  <datafield ind1=" " ind2="0" tag="650">
    <subfield code="a">Ballets.</subfield>
  </datafield>
  <datafield ind1=" " ind2=" " tag="653">
    <subfield code="a">Artaserse</subfield>
  </datafield>
  <datafield ind1=" " ind2=" " tag="653">
    <subfield code="a">Dario</subfield>
  </datafield>
  <datafield ind1=" " ind2=" " tag="653">
    <subfield code="a">Ariarate</subfield>
  </datafield>
  <datafield ind1=" " ind2=" " tag="653">
    <subfield code="a">Oronte</subfield>
  </datafield>
  <datafield ind1=" " ind2=" " tag="653">
    <subfield code="a">Aspasia</subfield>
  </datafield>
  <datafield ind1=" " ind2=" " tag="653">
    <subfield code="a">Statira</subfield>
  </datafield>
  <datafield ind1=" " ind2=" " tag="653">
    <subfield code="a">Codomano</subfield>
  </datafield>
  <datafield ind1=" " ind2=" " tag="653">
    <subfield code="a">Farfalletta</subfield>
  </datafield>
  <datafield ind1=" " ind2=" " tag="653">
    <subfield code="a">Dragasso</subfield>
  </datafield>
  <datafield ind1="1" ind2=" " tag="700">
    <subfield code="a">Lotti, Antonio,</subfield>
    <subfield code="d">-1740,</subfield>
    <subfield code="e">supposed composer.</subfield>
    <subfield code="4">cmp</subfield>
  </datafield>
  <datafield ind1="1" ind2=" " tag="700">
    <subfield code="a">Lotti, Antonio,</subfield>
    <subfield code="d">-1740.</subfield>
    <subfield code="4">cmp</subfield>
    <subfield code="t">Tradimento traditor di se stesso.</subfield>
  </datafield>
  <datafield ind1="1" ind2=" " tag="720">
    <subfield code="a">Mancini, Francesco, 1672-1737.</subfield>
    <subfield code="4">cmp</subfield>
  </datafield>
  <datafield ind1="1" ind2=" " tag="720">
    <subfield code="a">Daun von Thiano, Wirich Philipp Lorenz, Graf von, 1668-1741.</subfield>
    <subfield code="4">dte</subfield>
  </datafield>
  <datafield ind1="1" ind2=" " tag="720">
    <subfield code="a">Serino, Nicolò.</subfield>
    <subfield code="4">dto</subfield>
  </datafield>
  <datafield ind1="1" ind2=" " tag="720">
    <subfield code="a">Du Fort, Gio. Battista.</subfield>
    <subfield code="4">chr</subfield>
    <subfield code="4">dnc</subfield>
  </datafield>
  <datafield ind1="1" ind2=" " tag="720">
    <subfield code="a">Daufin, Anna.</subfield>
    <subfield code="4">dnc</subfield>
  </datafield>
  <datafield ind1="1" ind2=" " tag="720">
    <subfield code="a">Borghi, Gaetano.</subfield>
    <subfield code="4">sng</subfield>
  </datafield>
  <datafield ind1="1" ind2=" " tag="720">
    <subfield code="a">Pacini, Andrea.</subfield>
    <subfield code="4">sng</subfield>
  </datafield>
  <datafield ind1="1" ind2=" " tag="720">
    <subfield code="a">Archi, Gio. Ant., detto Cortoncino.</subfield>
    <subfield code="4">sng</subfield>
  </datafield>
  <datafield ind1="1" ind2=" " tag="720">
    <subfield code="a">Grimaldi, Nicolò.</subfield>
    <subfield code="4">sng</subfield>
  </datafield>
  <datafield ind1="1" ind2=" " tag="720">
    <subfield code="a">Augusti, Angiola.</subfield>
    <subfield code="4">sng</subfield>
  </datafield>
  <datafield ind1="1" ind2=" " tag="720">
    <subfield code="a">Toselli, Antonia.</subfield>
    <subfield code="4">sng</subfield>
  </datafield>
  <datafield ind1="1" ind2=" " tag="720">
    <subfield code="a">Lodi, Silvia.</subfield>
    <subfield code="4">sng</subfield>
  </datafield>
  <datafield ind1="1" ind2=" " tag="720">
    <subfield code="a">Mareschini, Santa.</subfield>
    <subfield code="4">sng</subfield>
  </datafield>
  <datafield ind1="1" ind2=" " tag="720">
    <subfield code="a">Cavana, Gio. Battista.</subfield>
    <subfield code="4">sng</subfield>
  </datafield>
  <datafield ind1="0" ind2=" " tag="730">
    <subfield code="a">Tradimento traditor de se stesso.</subfield>
  </datafield>
  <datafield ind1="4" ind2="1" tag="856">
    <subfield code="u">http://hdl.loc.gov/loc.music/musschatz.19171</subfield>
  </datafield>
  <datafield ind1=" " ind2=" " tag="985">
    <subfield code="e">USRISMlibretto</subfield>
  </datafield>
  <datafield ind1=" " ind2=" " tag="985">
    <subfield code="e">musschatz_scanning_2016</subfield>
  </datafield>
</record>
